01504nam a2200349 a 4500001001000000003000500010005001700015008004100032010001100073011001100084040000900095090001000104100003100114245017400145260004100319500006000360502007000420590004000490590004000530590004000570650004500610650003300655650004200688650004600730856007000776901000700846942001000853942000600863999001900869952013100888952013501019000114134CHAP20220329144428.0171107s2017 mx sm |||||||spa d a110595 a111567 cCHAP aTesis1 aCruz Gómez, Luis913401210aCaracterización hidrológico-ambiental en la microcuenca de san Pablo Güilá, Oax.; y alternativas para su gestión integralh[En línea]cpor Luis Cruz Gómez. aChapingo, Méx. :bEl autor,c2017. aPara ver el contenido del material haga clic en la liga aTesis (Ing. Forestal) -- UACH. División de Ciencias Forestrales aE6339RRRb05c20171107lUCH01h0828 aE6339RRRb05c20171107lUCH01h0828 aE6339RRRb05c20171107lUCH01h083014aAguaxAdministraciónxTarifas.913191714aAguaxAprovechamiento.9228214aCuencasxErosión hídrica.913228514aCuencasxEstudios hidrológicos.9130786 aFinding aiduhttp://10.13.5.2/tesis/sist114134.pdfzTeclea aquí aBK cTESIS n0 c110595d110595 00104054718TESISaBCbBCd2017-11-07fTESISl0oTesisp114135-10r2019-12-31 00:00:00w2019-12-31yTESISzRecien adquirido 00102local4053708TESISaBCbBCcPA_TESISd2017-11-07fTESISl0oTesisp114135-20r2019-12-31 00:00:00tc.2w2019-12-31yTESIS